Informe anual de labores 2000
Gorde:
| Egile nagusia: | |
|---|---|
| Formatua: | Liburua |
| Hizkuntza: | Spanish |
| Argitaratua: |
[San José, Costa Rica] : Universidad de Costa Rica, Facultad de Ingeniería, Instituto de Investigaciones en Ingeniería
2001
|
| Etiketak: |
Etiketa erantsi
Etiketarik gabe, Izan zaitez lehena erregistro honi etiketa jartzen!
|
MARC
| LEADER | 00000nam a2200000Ia 4500 | ||
|---|---|---|---|
| 003 | MV0248 | ||
| 005 | 20240419142854.0 | ||
| 008 | 140114s2001 cr a 000 ||spa d | ||
| 040 | |c cru CEDI | ||
| 100 | |a Muñoz Umaña, Flor de María, 1958- |9 1733 | ||
| 245 | |a Informe anual de labores 2000 | ||
| 260 | |a [San José, Costa Rica] : Universidad de Costa Rica, Facultad de Ingeniería, Instituto de Investigaciones en Ingeniería |c 2001 | ||
| 942 | |c MV |h MV 248 |i MV0248 |6 MV_248_000000000000000_MV0248 | ||
| 999 | |c 13053 |d 13053 | ||
